| 000 | 00457nam a2200157 a 4500 | ||
|---|---|---|---|
| 001 | 1647 | ||
| 003 | CDMR | ||
| 005 | 20130417121541.0 | ||
| 008 | 130130s1970||||||||||||||||||||||||||||d | ||
| 040 |
_aCDMR _bcat _cCDMR |
||
| 100 | 1 |
_aBeneyto, Juan _925 |
|
| 245 | 1 | 0 |
_aInformación y sociedad _b: los mecanismos sociales de la actividad informativa |
| 260 |
_aMadrid _c[1970] _bRevista de Occidente |
||
| 650 | 0 | 4 |
_93156 _aSocietat de la informació |
| 942 |
_cMON _2udc |
||
| 999 |
_c1647 _d1647 |
||